000 00485nam a2200181Ia 4500
001 9108
005 20260306160659.0
008 260306t2012||||xx |||||||||||||| ||spa||
041 _aESP
082 _a372.7
_bA157
100 _aAlsina i Pastells, Ángel
_eAUT
245 0 _aCómo desarrollar el pensamiento matemático de 0 a 6 años:
_bpropuestas didácticas
260 _c2012
300 _a228 páginas :
_c24 cm.
650 _aGEN
654 _aCED
942 _cLIB
_dJUS
_fJUS
_2ddc
_n
999 _c9108
_d9108